Test it fix it: English grammar (pre-intermediate)

Đã lưu trong:
书目详细资料
主要作者: Bourke, Kenna
格式: 图书
语言:Undetermined
出版: Oxford Oxford University Press 2003
主题:
标签: 添加标签
没有标签, 成为第一个标记此记录!
Thư viện lưu trữ: Trung tâm Học liệu Trường Đại học Cần Thơ
LEADER 00647nam a2200217Ia 4500
001 CTU_182776
008 210402s9999 xx 000 0 und d
020 |c 87000 
082 |a 425 
082 |b B774 
100 |a Bourke, Kenna 
245 0 |a Test it fix it: 
245 0 |b English grammar (pre-intermediate) 
245 0 |c Kenna Bourke 
260 |a Oxford 
260 |b Oxford University Press 
260 |c 2003 
650 |a English language,English language,Anh ngữ thực hành 
650 |x Grammar,Textbooks for foreign speakers,Ngữ pháp 
910 |a Nguyên 
980 |a Trung tâm Học liệu Trường Đại học Cần Thơ